| 000 | 00648cam a22002172 4500 | ||
|---|---|---|---|
| 001 | 0000025138 | ||
| 005 | 20151217154515.0 | ||
| 008 | 150120s xx 000 0 eng d | ||
| 020 | _a9350287170 : | ||
| 040 |
_aKABU _cKABU |
||
| 100 | 1 |
_a SUbbarao, G.C. Venkata. _@0000185564 |
|
| 245 | 1 | 0 | _aJurisprudence and legal theory. |
| 250 | _a9th ed. | ||
| 260 |
_aLucknow : _bEastern Book Company, _c1975. |
||
| 300 | _axi, 271 p. | ||
| 650 | 0 |
_aJurisprudence. _@0000153282 |
|
| 852 | 1 | _9p1650 KES | |
| 852 | 1 | _9p1650 KES | |
| 908 | _a150120 | ||
| 950 | _@1 | ||
| 999 |
_c11623 _d11623 |
||